Ekonomické aspekty podnikania v komanditnej spoločnosti bakalárska práca

Guardado en:
Detalles Bibliográficos
Autor principal: Sokolová, Simona
Autor Corporativo: Fakulta podnikového manažmentu EU. Katedra podnikovohospodárska
Otros Autores: Gajdová, Denisa, 1977-
Formato: Libro
Lenguaje:eslovaco
Publicado: Bratislava 2018
Etiquetas: Agregar Etiqueta
Sin Etiquetas, Sea el primero en etiquetar este registro!

MARC

LEADER 00000nbm a2200000 4500
001 0244920
005 20181009112517.1
041 0 |a slo 
044 |a SK 
245 1 0 |a Ekonomické aspekty podnikania v komanditnej spoločnosti  |b bakalárska práca  |c Simona Sokolová ; školiteľ: Denisa Gajdová 
264 1 |a Bratislava  |c 2018 
300 |a 65 s. 
100 1 |a Sokolová, Simona 
700 1 |a Gajdová, Denisa, 1977- 
710 2 |a Fakulta podnikového manažmentu EU. Katedra podnikovohospodárska